000 00411nam a2200169Ia 4500
999 _c134
_d134
003 OSt
005 20210902141825.0
008 190216s9999||||xx |||||||||||||| ||und||
040 _coclc
082 _a297
_bMOO/M
100 _aNull
245 0 _aAl Mutamalbi Ladiyani /
260 _bMoohim Publicaion,
300 _a48p
650 _aArabic
942 _cBK
_2ddc
_h297
_iMOO/M
_k297
_mMOO/M